00411 a2200109 4500001001000000005001700010008004100027245007300068100002300141773012000164999001700284ART_1566320260410161918.0260409a 10aActividades extractivas -petróleo y gas- algunas cuestiones claves1 aMarchesano, Marisa0 tDocumentos de trabajo de contabilidad, auditoría y responsabilidad socialg- Año 2, Nº 3 (jun. 2012)wREV14385 c27449d27449